Updated in anaesthesia (Record no. 38766)
[ view plain ]
| 000 -LEADER | |
|---|---|
| fixed length control field | 00471nam a2200169Ia 4500 |
| 022 ## - INTERNATIONAL STANDARD SERIAL NUMBER | |
| ISSN | 13534882 |
| 050 ## - CALL MARK | |
| Classification number | RG 732 .A53/ |
| 245 #0 - TITLE STATEMENT | |
| Title | Updated in anaesthesia |
| 260 ## - PUBLICATION, DISTRIBUTION, ETC. (IMPRINT) | |
| Place of publication | United kingdom |
| 260 ## - PUBLICATION, DISTRIBUTION, ETC. (IMPRINT) | |
| Name of publisher | World federation of societies of anaesthesiologists |
| 260 ## - PUBLICATION, DISTRIBUTION, ETC. (IMPRINT) | |
| Year of publication | 2017 |
| 300 ## - PHYSICAL DESCRIPTION | |
| Number of Pages | 65 p. ill. ; 29 cm. |
| 650 ## - SUBJECT ADDED ENTRY--TOPICAL TERM | |
| Topical Term | Analgesia, Obstetrical. Anesthesia, Obstetrical. |
| 942 ## - ADDED ENTRY ELEMENTS (KOHA) | |
| Koha item type | Serials |
No items available.